00423nam a2200097Ia 450000100030000000800410000308200190004410000180006324501840008126000600026584241024s9999 xx 000 0 und d aRD/333.7/S451e a[*SIN AUTOR*] 0aEstudio sobre el desarrollo de capacidades para el manejo eficiente de programas de desarrollo sostenible en la zona fronteriza de la República Dominicana - Informe de avance 2. bAgencia de Cooperación Internacional de Japónc2008